| 000 | 00669nam a22002177a 4500 | ||
|---|---|---|---|
| 001 | 35175 | ||
| 003 | BD-DhJNU | ||
| 005 | 20241212084720.0 | ||
| 008 | 241212b |||||||| |||| 00| 0 eng d | ||
| 020 | _a9780857022639 | ||
| 040 |
_aBD-DhJNU _bENG _cBD-DhJNU _dBD-DhJNU |
||
| 082 |
_223 _a150.721 |
||
| 245 |
_aResearch methods in psychology/ _cedited by Glynis M. Breakwell ... [ et. al ] |
||
| 250 | _a4th ed. | ||
| 260 |
_aLondon : _bSAGE Pablications, _c2012. |
||
| 300 |
_a714p. : _bill. ; _c24cm. |
||
| 504 | _aIncludes bibliographical references and index | ||
| 650 | _aPsychological methodology | ||
| 700 | _aBreakwell, Glynis M.( editor) | ||
| 942 |
_2ddc _cBK _n0 |
||
| 999 |
_c1004 _d1004 |
||